| 000 | 00388cam a2200157ua 4500 | ||
|---|---|---|---|
| 041 |
_aeng _h |
||
| 082 |
_a823.308 _bJER/TH |
||
| 100 | _aJerome, Jerome K . | ||
| 245 |
_aThree men in a boat / _cJerome K Jerome. _hTextual Documents |
||
| 250 |
_a1 / _b. |
||
| 260 |
_aLondon : _bLongman Green and Co , _c1966. |
||
| 300 | _a135 ; . | ||
| 504 | _a | ||
| 942 | _cBK | ||
| 999 |
_c6913 _d6913 |
||